MARC

LEADER 00000nam0a2200000 4500
001 308207
005 20231102002054.0
020 |a RU  |b 81-70972 
035 |a (RuTPU)RU\TPU\book\333516 
090 |a 308207 
100 |a 20151029d1981 km y0rusy5003 ca 
101 0 |a rus 
102 |a RU 
105 |a a z 001zy 
200 1 |a Магнитофоны "Яуза"  |f М. Д. Ганзбург 
210 |a Москва  |c Радио и связь  |d 1981 
215 |a 64 с.  |c ил. 
225 1 |a Массовая радиобиблиотека  |v Вып. 1036 
320 |a Библиогр.: с.63 
606 1 |a Магнитофоны  |x Эксплуатация  |2 stltpush  |3 (RuTPU)RU\TPU\subj\40896  |9 60726 
610 1 |a конструкции 
610 1 |a узлы 
610 1 |a детали 
610 1 |a ремонт 
610 1 |a советы 
675 |a 681.846  |z rus  |v 3 
700 1 |a Ганзбург  |b М. Д.  |g Марк Давидович  |4 070 
801 0 |a RU  |b RuMRKP  |c 19950704  |g psbo 
801 1 |a RU  |b 63413507  |c 20151029 
801 2 |a RU  |b 63413507  |c 20191008  |g RCR 
942 |c BK